000 00800nam a22002057a 4500
005 20111102143148.0
010 _aG-001599
020 _c$ 14
_a9788189693305
035 _aG-001599
037 _bGift
082 _a158.1
245 _aSuccess at your doorstep /
_cedited by Yadam Ram Kumar
260 _aJaipur
_bAyush Books
_c(201?)
270 _aDeep Villa, D-3-A, Vishwadhalayapuri, Nr. Asha Public School Gopalpura By pass,
_bJaipur
_e18
300 _a144p.
_c24cm (pbk)
700 _aYadam Ram Kumar
_935656
942 _2ddc
_cEN
_mYAD
_h158.1
999 _c57986
_d57986